000 01108nam a22002177a 4500
005 20251029084945.0
008 s2507 th tha d
040 _aNALT
041 _atha
090 _aอศ
_bศ181ร 2507
245 0 0 _aโรคของนักบริหาร, โรคหัวใจ.
260 _aพระนคร :
_bเกษมสุวรรณ,
_c2507.
300 _a136 หน้า ;
_b
_c19 ซม.
500 _aพิมพ์เป็นอนุสรณ์ในงานพระราชทานเพลิงศพ หลวงศรีคณาภิบาล (พงษ์ เดชะคุปต์) ณ เมรุวัดมกุฏกษัตริยาราม 4 กุมภาพันธ์ 2507
600 0 4 _925704
_aศรีคณาภิบาล (พงษ์ เดชะคุปต์),
_cหลวง,
_d2429-2506
650 4 _aนักบริหาร
_925705
_xโรค
650 4 _aหัวใจ
_98184
_xโรค
850 _aNALT
856 4 0 _uhttps://hdl.handle.net/20.500.14156/588473
942 _cRRB
_2local
999 _c23924
_d23924
998 _j4612
_k นางสาววัลยา พุ่มต้นวงค์